Dân tộc học đại cương

Sách Dân tộc học đại cương trình bày đầy đủ những nội dung cơ bản của bộ môn Dân tộc học từ đối tượng, nhiệm vụ, lịch sử hình thành đến các tiêu chí để xác định tộc người và các loại hình cộng đồng người, từ các vấn đề chung c...

Full beskrivning

Sparad:
Bibliografiska uppgifter
Huvudupphovsman: Lê, Sĩ Giáo
Materialtyp: Bok
Språk:Undetermined
Publicerad: Hà Nội Giáo dục Việt Nam 2010
Ämnen:
Taggar: Lägg till en tagg
Inga taggar, Lägg till första taggen!
Thư viện lưu trữ: Trung tâm Học liệu Trường Đại học Cần Thơ
LEADER 01098nam a2200205Ia 4500
001 CTU_194127
008 210402s9999 xx 000 0 und d
020 |c 20000 
082 |a 305.8 
082 |b Gi108 
100 |a Lê, Sĩ Giáo 
245 0 |a Dân tộc học đại cương 
245 0 |c Lê Sĩ Giáo ( chủ biên ) 
260 |a Hà Nội 
260 |b Giáo dục Việt Nam 
260 |c 2010 
520 |a Sách Dân tộc học đại cương trình bày đầy đủ những nội dung cơ bản của bộ môn Dân tộc học từ đối tượng, nhiệm vụ, lịch sử hình thành đến các tiêu chí để xác định tộc người và các loại hình cộng đồng người, từ các vấn đề chung của xã hội nguyên thủy, các hình thái tôn giáo sơ khai đến một số vấn đề cụ thể của Việt Nam. 
650 |a Ethnology,Dân tộc học 
910 |a Hải 
980 |a Trung tâm Học liệu Trường Đại học Cần Thơ